<?xml version="1.0" encoding="UTF-8"?>
<record
    xmlns:xsi="http://www.w3.org/2001/XMLSchema-instance"
    xsi:schemaLocation="http://www.loc.gov/MARC21/slim http://www.loc.gov/standards/marcxml/schema/MARC21slim.xsd"
    xmlns="http://www.loc.gov/MARC21/slim">

  <leader>00990cam a2200289 a 4500</leader>
  <controlfield tag="001">13074110</controlfield>
  <controlfield tag="003">OSt</controlfield>
  <controlfield tag="005">20161217105610.0</controlfield>
  <controlfield tag="008">030129s2007    nyu           000 0 eng  </controlfield>
  <datafield tag="020" ind1=" " ind2=" ">
    <subfield code="a">9780077116521</subfield>
  </datafield>
  <datafield tag="040" ind1=" " ind2=" ">
    <subfield code="a">DLC</subfield>
    <subfield code="c">DLC</subfield>
    <subfield code="d">DLC</subfield>
  </datafield>
  <datafield tag="050" ind1="0" ind2="0">
    <subfield code="a">PE1128</subfield>
    <subfield code="b">.T325 2002b</subfield>
  </datafield>
  <datafield tag="082" ind1="0" ind2="0">
    <subfield code="a">428.34</subfield>
    <subfield code="2">22</subfield>
    <subfield code="b">TJI</subfield>
  </datafield>
  <datafield tag="100" ind1="1" ind2=" ">
    <subfield code="a">Tanka, Judith,</subfield>
    <subfield code="d">1950-</subfield>
    <subfield code="9">5077</subfield>
  </datafield>
  <datafield tag="245" ind1="1" ind2="0">
    <subfield code="a">Interactions 2 :</subfield>
    <subfield code="b">listening/speaking /</subfield>
    <subfield code="c">Judith Tanka, Lida R. Baker.</subfield>
  </datafield>
  <datafield tag="246" ind1="3" ind2=" ">
    <subfield code="a">Interactions two</subfield>
  </datafield>
  <datafield tag="250" ind1=" " ind2=" ">
    <subfield code="a">4th ed.</subfield>
  </datafield>
  <datafield tag="260" ind1=" " ind2=" ">
    <subfield code="a">New York :</subfield>
    <subfield code="b">McGraw-Hill,</subfield>
    <subfield code="c">c2007.</subfield>
  </datafield>
  <datafield tag="300" ind1=" " ind2=" ">
    <subfield code="a">306 p. ;</subfield>
    <subfield code="c">26 cm.</subfield>
  </datafield>
  <datafield tag="650" ind1=" " ind2="0">
    <subfield code="a">English language</subfield>
    <subfield code="x">Textbooks for foreign speakers.</subfield>
    <subfield code="9">57289</subfield>
  </datafield>
  <datafield tag="650" ind1=" " ind2="0">
    <subfield code="a">English language</subfield>
    <subfield code="x">Spoken English</subfield>
    <subfield code="v">Problems, exercises, etc.</subfield>
    <subfield code="9">5078</subfield>
  </datafield>
  <datafield tag="650" ind1=" " ind2="0">
    <subfield code="a">Oral communication</subfield>
    <subfield code="v">Problems, exercises, etc.</subfield>
    <subfield code="9">5079</subfield>
  </datafield>
  <datafield tag="650" ind1=" " ind2="0">
    <subfield code="a">Listening</subfield>
    <subfield code="v">Problems, exercises, etc.</subfield>
    <subfield code="9">5080</subfield>
  </datafield>
  <datafield tag="700" ind1="1" ind2=" ">
    <subfield code="a">Baker, Lida R.</subfield>
    <subfield code="9">5081</subfield>
  </datafield>
  <datafield tag="942" ind1=" " ind2=" ">
    <subfield code="2">ddc</subfield>
    <subfield code="c">BOOK</subfield>
  </datafield>
  <datafield tag="999" ind1=" " ind2=" ">
    <subfield code="c">40006</subfield>
    <subfield code="d">274506</subfield>
  </datafield>
  <datafield tag="952" ind1=" " ind2=" ">
    <subfield code="1">0</subfield>
    <subfield code="2">2016-12-17</subfield>
    <subfield code="4">0</subfield>
    <subfield code="7">0</subfield>
    <subfield code="a">428.34 TJI</subfield>
    <subfield code="d">2016-12-17</subfield>
    <subfield code="h">CL</subfield>
    <subfield code="i">00655459</subfield>
    <subfield code="m">CL</subfield>
    <subfield code="r">2016-12-17 00:00:00</subfield>
    <subfield code="t">BOOK</subfield>
    <subfield code="w">ddc</subfield>
    <subfield code="y">0</subfield>
  </datafield>
  <datafield tag="952" ind1=" " ind2=" ">
    <subfield code="1">0</subfield>
    <subfield code="2">2016-12-17</subfield>
    <subfield code="4">0</subfield>
    <subfield code="7">0</subfield>
    <subfield code="a">428.34 TJI</subfield>
    <subfield code="d">2016-12-17</subfield>
    <subfield code="h">CL</subfield>
    <subfield code="i">00655460</subfield>
    <subfield code="m">CL</subfield>
    <subfield code="r">2016-12-17 00:00:00</subfield>
    <subfield code="t">BOOK</subfield>
    <subfield code="w">ddc</subfield>
    <subfield code="y">0</subfield>
  </datafield>
  <datafield tag="952" ind1=" " ind2=" ">
    <subfield code="1">0</subfield>
    <subfield code="2">2016-12-17</subfield>
    <subfield code="4">0</subfield>
    <subfield code="7">0</subfield>
    <subfield code="a">428.34 TJI</subfield>
    <subfield code="d">2016-12-17</subfield>
    <subfield code="h">CL</subfield>
    <subfield code="i">00655461</subfield>
    <subfield code="m">CL</subfield>
    <subfield code="r">2016-12-17 00:00:00</subfield>
    <subfield code="t">BOOK</subfield>
    <subfield code="w">ddc</subfield>
    <subfield code="y">0</subfield>
  </datafield>
  <datafield tag="952" ind1=" " ind2=" ">
    <subfield code="1">0</subfield>
    <subfield code="2">2016-12-17</subfield>
    <subfield code="4">0</subfield>
    <subfield code="7">0</subfield>
    <subfield code="a">428.34 TJI</subfield>
    <subfield code="d">2016-12-17</subfield>
    <subfield code="h">SHM</subfield>
    <subfield code="i">00655462</subfield>
    <subfield code="m">SHM</subfield>
    <subfield code="r">2016-12-17 00:00:00</subfield>
    <subfield code="t">BOOK</subfield>
    <subfield code="w">ddc</subfield>
    <subfield code="y">0</subfield>
  </datafield>
  <datafield tag="952" ind1=" " ind2=" ">
    <subfield code="1">0</subfield>
    <subfield code="2">2016-12-17</subfield>
    <subfield code="4">0</subfield>
    <subfield code="7">0</subfield>
    <subfield code="a">428.34 TJI</subfield>
    <subfield code="d">2016-12-17</subfield>
    <subfield code="h">SHM</subfield>
    <subfield code="i">00655463</subfield>
    <subfield code="m">SHM</subfield>
    <subfield code="r">2016-12-17 00:00:00</subfield>
    <subfield code="t">BOOK</subfield>
    <subfield code="w">ddc</subfield>
    <subfield code="y">0</subfield>
  </datafield>
</record>
